000 00903nam a22002897a 4500
003 CHAP
005 20220817042110.0
008 971013s1987 r 00010 d
010 _a34508
011 _a35480
035 _a39596
040 _cCHAP
090 _aFolleto 9037 (1987)
110 1 _aOhio State University.
_bOhio Agricultural Research and Development Center
_982854
245 1 _aOrnamentals plants 1987
_b: a summary of research
260 _aWooster :
_bThe University,
_c1987
300 _a56 p.
_b: ilus. ; gráfs.
490 _aResearch circular
_v; 291
590 _aBATCH-UPD
_b10
_c20130110
_lUCH01
_h1550
590 _aCONVERSION
_b10
_c20130109
_lUCH01
_h1319
650 1 4 _aFlores.
_941358
650 1 4 _aPlantas ornamentales.
830 0 _aResearch circular
_v; 291
_996063
901 _aBK
942 _cFOLL
949 _aFolleto 9037 (1987)
_bBC
_cFOLL
_d-90264
_eTS1
_i39596
_si
999 _c34508
_d34508